Anuário educativo brasileiro : (Record no. 162929)

MARC details
000 -CABECERA
campo de control de longitud fija 00662nam a2200205 u 4500
005 - FECHA Y HORA DE LA ÚLTIMA TRANSACCIÓN
campo de control 20250115154213.0
008 - ELEMENTOS DE LONGITUD FIJA--INFORMACIÓN GENERAL
campo de control de longitud fija 130424s2011 r 000 0 eng d
020 ## - NÚMERO INTERNACIONAL NORMALIZADO PARA LIBROS
Número Internacional Estándar del Libro 9788524917431
035 ## - NÚMERO DE CONTROL DEL SISTEMA
Número de control de sistema UPN01000190826
049 ## - COLECCIÓN
Colección CG
050 #4 - SIGNATURA TOPOGRÁFICA DE LA BIBLIOTECA DEL CONGRESO
Número de clasificación LA556
Número de documento/Ítem A5.8
245 00 - MENCIÓN DE TÍTULO
Título Anuário educativo brasileiro :
Resto del título visao retrospectiva /
Mención de responsabilidad, etc. coord. Guadelupe Teresinha Bertussi.
260 ## - PUBLICACIÓN, DISTRIBUCIÓN, ETC.
Lugar de publicación, distribución, etc. Sao Paulo :
Nombre del editor, distribuidor, etc. Cortez,
Fecha de publicación, distribución, etc. c2011.
300 ## - DESCRIPCIÓN FÍSICA
Extensión 453 p. :
Otras características físicas cuadros, tablas, gráfs.
650 #4 - ASIENTO SECUNDARIO DE MATERIA - TERMINO TEMATICO
Término de materia o nombre geográfico como elemento de entrada Educación
Subdivisión geográfica Brasil
Subdivisión general Historia
9 (RLIN) 15031
650 #4 - ASIENTO SECUNDARIO DE MATERIA - TERMINO TEMATICO
Término de materia o nombre geográfico como elemento de entrada Educación
Subdivisión geográfica Brasil
Subdivisión de forma Anuarios
9 (RLIN) 22313
700 1# - ASIENTO SECUNDARIO--NOMBRE DE PERSONAL
Nombre de persona Teresinha Bertussi, Guadelupe,
Término indicativo de función/relación coord.
905 ## - TIPO DE MATERIAL
Tipo de material Libro
Holdings
Estado de retiro Estado de pérdida Fuente del sistema de clasificación o colocación Estado dañado No para préstamo Código de colección Localización permanente Ubicación/localización actual Ubicación en estantería Total de préstamos Clasificación Código de barras Fecha visto por última vez Número de copia Tipo de ítem Koha
    Library of Congress Classification     Colección General Bib. Gregorio Torres Quintero Bib. Gregorio Torres Quintero Planta baja   LA556 A5.8 287785 31/12/2020 1 Libro